Normal view
MARC view
- الفيزياء
Entry Topical Term
001 - CONTROL NUMBER
- control field: 43210
003 - CONTROL NUMBER IDENTIFIER
- control field: JO-AjAnu
005 - DATE AND TIME OF LATEST TRANSACTION
- control field: 20230606081149.0
008 - FIXED-LENGTH DATA ELEMENTS
- fixed length control field: 230606|| aca||aabn | a|a d
040 ## - CATALOGING SOURCE
- Original cataloging agency: JO-AjAnu
- Transcribing agency: JO-AjAnu
150 ## - HEADING--TOPICAL TERM
- Topical term or geographic name entry element: الفيزياء
670 ## - SOURCE DATA FOUND
- Source citation: Work cat.: (JO-AjAnu)22128: وشاح، خليل/ م. مشارك معروف عبدالله , author 43209, الفيزياء العامة، ج1